| 000 | 01402cam a2200349 a 4500 | ||
|---|---|---|---|
| 001 | 3991928 | ||
| 003 | OSt | ||
| 005 | 20160309180044.0 | ||
| 008 | 950413s1995 ja b i100 0 eng d | ||
| 010 | _a 95218440 | ||
| 020 | _a9280808850 | ||
| 035 | _a(OCoLC)32301724 | ||
| 040 |
_aDIDB _cDIDB _dDGU _dDLC |
||
| 042 | _alccopycat | ||
| 050 | 0 | 0 |
_aJX1977 _b.S758 1995 |
| 082 |
_a320 _bSTA 1995 |
||
| 245 | 0 | 0 |
_aState, society and the UN system : _bchanging perspectives on multilateralism / _cedited by Keith Krause and W. Andy Knight. |
| 260 |
_aTokyo ; _aNew York : _bUnited Nations University Press, _c1995. |
||
| 300 |
_aviii, 267 p. ; _c24 cm. |
||
| 500 | _a"UNUP-885"--Verso t.p. | ||
| 500 | _aChapters originally appeared as papers given at the conference Changing State/Society Perspectives on the United Nations System. | ||
| 504 | _aIncludes bibliographical references. | ||
| 610 | 2 | 0 |
_aUnited Nations _xCongresses. _97232 |
| 650 | 0 |
_aWorld politics _y1989- _xCongresses. _97233 |
|
| 650 | 0 |
_aInternational relations _xCongresses. _97234 |
|
| 700 | 1 |
_aKrause, Keith. _97235 |
|
| 700 | 1 |
_aKnight, W. Andy. _97236 |
|
| 711 | 2 |
_aChanging State/Society Perspectives on the United Nations System _d(1992 : _cToronto, Ontario) _97237 |
|
| 906 |
_a7 _bcbc _ccopycat _d3 _encip _f19 _gy-gencatlg |
||
| 942 |
_2ddc _cSLOAN |
||
| 999 |
_c3221 _d3221 |
||